00934nam a2200229 i 450000100060000000300090000600500170001500700030003200800410003502000180007604000220009408000200011610000350013624501420017126000360031330000220034949000610037183000690043285200640050199900170056595201220058217297ES-MaACL20230906151538.0t|010125s1999 sp ||||0| spa j a84-7731-304-0 aM-BN bspa cM-BN a821.134.2-4"19"1 aFerreras, Juan Ignacio.95052510aEspaña contra la modernidad b: cartas a Modesto Roldán sobre la educación estética de los españoles / cJuan Ignacio Ferreras. aMadrid : bEndymión, c[1999] a274 p. ; c20 cm.1 aEnsayo (Kairós). Serie revisiones y críticas ; v1190 aEnsayo (Kairós). Serie revisiones y críticas ; v1199228702 aES-MaACLjL-24123 bR.129442 q. - Ded. autógr. del autor c17297d17297 00104070aATENEOMbATENEOMcDEPO2d2008-01-17eSCl0oL-24123p1017648r2023-02-23 00:00:00w2023-02-23yMONOGRAFIA